श्री तारतम सागर (Record no. 1234552)

MARC details
000 -LEADER
fixed length control field 00780nam a2200229Ia 4500
005 - DATE AND TIME OF LATEST TRANSACTION
control field 20250108124758.0
008 - FIXED-LENGTH DATA ELEMENTS--GENERAL INFORMATION
fixed length control field 008 250107s9999 xx 000 0 hin d
020 ## - INTERNATIONAL STANDARD BOOK NUMBER
International Standard Book Number 978-93-81620-78-6
037 ## - SOURCE OF ACQUISITION
Stock number TB
040 ## - CATALOGING SOURCE
Original cataloging agency CRL
Language of cataloging hin
Transcribing agency CRL
041 ## - LANGUAGE CODE
Language code of text/sound track or separate title hin
Source of code hin
084 ## - COLON CLASSIFICATION NUMBER
Classification number T4.281,e4DUjN22 R3
084 ## - COLON CLASSIFICATION NUMBER
Assigning agency CRL
100 ## - MAIN ENTRY--PERSONAL NAME
Personal name धर्मदास, अनु.
245 #0 - TITLE STATEMENT
Title श्री तारतम सागर
Statement of responsibility, etc. धर्मदास, अनु.
260 ## - PUBLICATION, DISTRIBUTION, ETC.
Place of publication, distribution, etc. जामनगर, भारत
Name of publisher, distributor, etc. नवतनपुरी धाम
Date of publication, distribution, etc. 2164
365 ## - TRADE PRICE
Price type code INR
Price amount 0
490 ## - SERIES STATEMENT
Volume/sequential designation भाग 1
650 ## - SUBJECT ADDED ENTRY--TOPICAL TERM
Topical term or geographic name entry element हिन्दी कविताभारतीय साहित्य
9 (RLIN) 729733
942 ## - ADDED ENTRY ELEMENTS (KOHA)
Koha item type Textbook
Classification part T4.281,e4DUjN22 R3
Holdings
Withdrawn status Lost status Damaged status Not for loan Home library Current library Date acquired Source of acquisition Total Checkouts Full call number Barcode Date last seen Price effective from Koha item type
        Central Library Central Library 2025-01-08 Gift, 03/11/2022,   Q29xK18 152P6.1-.13 (RR) CL1698145 2025-01-08 2025-01-08 Textbook
Copyright @ Delhi University Library System